LEADER 01201nam--2200373---450 001 990001594990203316 005 20210315132317.0 035 $a000159499 035 $aUSA01000159499 035 $a(ALEPH)000159499USA01 035 $a000159499 100 $a20040422d1981----km-y0itay0103----ba 101 $aita 102 $aIT 105 $a||||||||001yy 200 1 $aFrancesco Saverio Salfi$eun calabrese per l'Europa$eatti del convegno di Cosenza$e23-24 febbraio 1980$fa cura di Pasquale Alberto De Lisio 210 $aNapoli$cSocietà Editrice Napoletana$d1981 215 $a384 p.$d23 cm 225 2 $a<> Pericentro$v2 410 0$12001$a<> Pericentro$v2 454 1$12001 600 1$aSalfi,$bFrancesco Saverio$xAtti di Congressi$2BNCF 676 $a085 702 1$aDE LISIO,$bPasquale Alberto 801 0$aIT$bsalbc$gISBD 912 $a990001594990203316 951 $aVI.3.B. 194 (Varie coll 612/2)$b4809 L.M.$cVI.3.$d460596 959 $aBK 969 $aUMA 979 $aSIAV9$b10$c20040422$lUSA01$h1621 979 $aPATRY$b90$c20040727$lUSA01$h0929 979 $aGIUSY$b90$c20151124$lUSA01$h1257 996 $aFrancesco Saverio Salfi$9939166 997 $aUNISA LEADER 03229 am 2200769 n 450 001 9910594999403321 005 20220912 010 $a2-7535-8750-7 024 7 $a10.4000/books.pur.184517 035 $a(CKB)4100000012893230 035 $a(FrMaCLE)OB-pur-184517 035 $a(oapen)https://directory.doabooks.org/handle/20.500.12854/95206 035 $a(PPN)267827040 035 $a(EXLCZ)994100000012893230 100 $a20220927j|||||||| ||| 0 101 0 $afre 135 $auu||||||m|||| 181 $ctxt$2rdacontent 182 $cc$2rdamedia 183 $acr$2rdacarrier 200 13$aLe corps des souverains dans les mondes hellénistique et romain /$fAnne Gangloff, Gilles Gorre 210 $aRennes $cPresses universitaires de Rennes$d2022 215 $a1 online resource (424 p.) 225 1 $aHistoire 311 $a2-7535-8648-9 330 $aQue peut nous dire le corps du souverain ? Comment permet-il d?identifier la forme et la nature du pouvoir politique ? Comment manifeste-t-il la prééminence et l?autorité du monarque ? Ce volume étudie et compare pour la première fois, dans une perspective d?histoire culturelle et politique, les corps des rois hellénistiques et des empereurs romains en confrontant des sources diverses : textes, inscriptions, sculptures, peintures et monnaies. Il réunit des spécialistes européens de différentes disciplines ? histoire, anthropologie, histoire de l?art, philologie ? qui analysent la construction du corps des souverains antiques à travers sa codification et ses mises en scène, par rapport aux traditions et aux normes grecques, hellénistiques et romaines. 606 $aHistory 606 $acorps 606 $ahistoire ancienne 606 $ahistoire culturelle 606 $ahistoire politique 610 $acorps 610 $ahistoire ancienne 610 $ahistoire culturelle 610 $ahistoire politique 615 4$aHistory 615 4$acorps 615 4$ahistoire ancienne 615 4$ahistoire culturelle 615 4$ahistoire politique 700 $aAgut-Labordère$b Damien$01288529 701 $aAssenmaker$b Pierre$01302544 701 $aBadel$b Christophe$0290919 701 $aBenoist$b Stéphane$0433945 701 $aChristodoulou$b Panos$01350271 701 $aCournarie$b Paul$01350272 701 $aFernoux$b Henri$01278872 701 $aGangloff$b Anne$0718722 701 $aGherchanoc$b Florence$0328073 701 $aGorre$b Gilles$0785014 701 $aHuet$b Valérie$0553782 701 $aLe Doze$b Philippe$01278875 701 $aLe Person-Rolland$b Gwenaëlle$01350273 701 $aMeister$b Jan B$01350274 701 $aMercier$b Franck$0716356 701 $aProst$b Francis$0296698 701 $aRosso$b Emmanuelle$01245216 701 $aVendries$b Christophe$0610234 701 $aWackenier$b Stéphanie$01284753 701 $aWidmer$b Marie$01307543 701 $aGangloff$b Anne$0718722 701 $aGorre$b Gilles$0785014 801 0$bFR-FrMaCLE 906 $aBOOK 912 $a9910594999403321 996 $aLe corps des souverains dans les mondes hellénistique et romain$93088142 997 $aUNINA